Hry v materskej škole na rozvíjanie emocionálnych schopností detí

Podrobná bibliografia
Hlavní autori: Fölöpová, Eva (Autor), Zelinová, Milota, 1943- (Autor)
Médium: Článok
Jazyk:slovenčina
Predmet:

MARC

LEADER 00000nab a2200000 a 4500
001 vtls001489692
003 SK-MaSNL
005 20260304205421.0
008 250505c20042005xo mr|p|||||||000 b|slo
015 |a SNBRB2005/01  |2 snkbucl 
035 |a (uuid)a34db97c-2abc-42ce-9dfa-bbc3cc85549b 
035 |a urn:nbn:sk:snk-abby8q 
035 |a (urnnbn)urn:nbn:sk:snk:ar-002jdp 
038 |a SNKBUCL 
040 |a SNKBUCL  |b slo  |c SNKBUCL  |e AACR2 
041 0 |a slo 
044 |a xo  |c SK 
080 |a 371.382-053.4  |2 1997 
080 |a 159.943.2-053.4  |2 1997 
080 |a 159.942-053.4  |2 1997 
100 1 |a Fölöpová, Eva  |4 aut  |9 1539660 
245 1 0 |a Hry v materskej škole na rozvíjanie emocionálnych schopností detí  |c Eva Fölöpová, Milota Zelinová 
504 |a Bibliogr. odkazy 
650 0 7 |a hry  |2 snkbucl  |9 1856 
650 0 7 |a deti predškolského veku  |2 snkbucl  |9 4103 
650 0 7 |a emocionálne schopnosti  |2 snkbucl  |9 1539683 
700 1 |a Zelinová, Milota,  |d 1943-  |4 aut  |9 6300 
773 0 |t Predškolská výchova  |g Roč. 59., č. 3 (2004/2005), s.1-4 
850 |a Slovenská národná knižnica 
852 |a Slovenská národná knižnica 
954 |a odborná, vedecká literatúra pôvodná (slovenská)  |2 lita 
958 |a article15 
958 |a OND 
958 |a NB 
958 |a EUIPO 
999 |c 3120821  |d 3122751